000 00590nam a2200181 a 4500
005 20141124144821.0
008 140128b2007 ck ||||| |||| 00| 0 spa d
040 _cCO-BoHI
041 _aspa
044 _ack
090 _aIAVH
_b00769
100 _aMoreno Díaz, Carlos Alberto
_95209
245 _aProyecto desarrollo de capacidades para implementar en Colombia el protocolo de Cartagena en bioseguridad - convenio de diversidad biológica
260 _aBogotá
_bBanco Mundial
_bInstituto Alexander von Humboldt
_c2007
300 _a22 p.
942 _cINFORME
_2z
945 _d2007-12-26
999 _c6075
_d6075